[Event "Niedersachsen-ch op"]
[Site "Verden"]
[Date "2016.01.06"]
[Round "7"]
[White "Raulf, Christopher"]
[Black "Kardoeus, David"]
[Result "0-1"]
[WhiteElo "1874"]
[BlackElo "2164"]
[PlyCount "73"]
[EventDate "2016.01.03"]
[EventType "swiss"]
[EventRounds "7"]
[EventCountry "GER"]
[SourceTitle "EXT 2018"]
[Source "ChessBase"]
[SourceDate "2017.10.13"]
[SourceVersion "1"]
[SourceVersionDate "2017.10.13"]
[SourceQuality "1"]

1. e4 e5 2. Nf3 Nc6 3. Bc4 Nf6 4. d3 Be7 5. Nc3 d6 6. Bg5 Na5 7. 0-0 0-0 8. Re1 Nxc4 9. dxc4 h6 10. Bxf6 Bxf6 11. Nd5 c6 12. Nxf6+ Qxf6 13. Qd3 Bg4 14. Nd2 Rad8 15. Nf1 Qg6 16. Ne3 Bf3 17. Kh1 Bxe4 18. Qb3 b6 19. Rad1 Rd7 20. f3 Bf5 21. Nxf5 Qxf5 22. Rd3 Rfd8 23. Qa4 Rc7 24. Red1 Qe6 25. Qb4 d5 26. Qd2 d4 27. b3 c5 28. Re1 Re7 29. Qe2 Rde8 30. Kg1 f5 31. h3 e4 32. fxe4 fxe4 33. Rg3 Rf8 34. Rg4 e3 35. Rf1 Rxf1+ 36. Qxf1 e2 37. Qe1 0-1

[Event "Niedersachsen-ch op"]
[Site "Verden"]
[Date "2016.01.04"]
[Round "4"]
[White "Kiesel, Harald"]
[Black "Raulf, Christopher"]
[Result "1/2-1/2"]
[WhiteElo "2088"]
[BlackElo "1874"]
[PlyCount "104"]
[EventDate "2016.01.03"]
[EventType "swiss"]
[EventRounds "7"]
[EventCountry "GER"]
[SourceTitle "EXT 2018"]
[Source "ChessBase"]
[SourceDate "2017.10.13"]
[SourceVersion "1"]
[SourceVersionDate "2017.10.13"]
[SourceQuality "1"]

1. e4 c5 2. Nf3 Nc6 3. d4 cxd4 4. Nxd4 g6 5. Nxc6 dxc6 6. Qxd8+ Kxd8 7. Bc4 f6 8. Nc3 e5 9. 0-0 Bb4 10. f4 Bd6 11. fxe5 Bxe5 12. Bf4 Bxf4 13. Rxf4 Ke7 14. e5 f5 15. Re1 Nh6 16. Ne2 Be6 17. Bxe6 Kxe6 18. Nd4+ Ke7 19. Nf3 Nf7 20. Re3 Rhd8 21. Rb4 b6 22. Rh4 h5 23. e6 Rd1+ 24. Kf2 Nd6 25. Ke2 Rd5 26. Ne5 Ne4 27. Nxg6+ Kf6 28. Nf4 Rd2+ 29. Kf1 Rxc2 30. Nd3 Kxe6 31. Rxh5 Rf8 32. Rh6+ Rf6 33. Rh7 Rf7 34. Rh6+ Rf6 35. Rh7 Rf7 36. Rxf7 Kxf7 37. h4 c5 38. g4 c4 39. Ne5+ Ke6 40. Nc6 Kd6 41. Nd4 Rxb2 42. Nxf5+ Kd5 43. Re2 c3 44. h5 Rxe2 45. Kxe2 b5 46. h6 Ng5 47. Kd3 b4 48. Ng3 a5 49. Ne4 Nf7 50. Nxc3+ bxc3 51. h7 c2 52. Kxc2 Kc4 1/2-1/2

[Event "Niedersachsen-ch op"]
[Site "Verden"]
[Date "2016.01.03"]
[Round "2"]
[White "Helmer, Jan"]
[Black "Raulf, Christopher"]
[Result "1-0"]
[WhiteElo "1780"]
[BlackElo "1874"]
[PlyCount "39"]
[EventDate "2016.01.03"]
[EventType "swiss"]
[EventRounds "7"]
[EventCountry "GER"]
[SourceTitle "EXT 2018"]
[Source "ChessBase"]
[SourceDate "2017.10.13"]
[SourceVersion "1"]
[SourceVersionDate "2017.10.13"]
[SourceQuality "1"]

1. d4 d5 2. Nf3 e6 3. e3 Nf6 4. Bd3 b6 5. 0-0 Bb7 6. b3 Bd6 7. Bb2 0-0 8. Nbd2 c5 9. Ne5 Qc7 10. f4 Ne4 11. c4 f6 12. Nef3 Nd7 13. cxd5 exd5 14. Nxe4 dxe4 15. Bc4+ Kh8 16. Nh4 g6 17. Qg4 Qd8 18. dxc5 Nxc5 19. Nxg6+ hxg6 20. Qxg6 1-0

[Event "Niedersachsen-ch op-A"]
[Site "Verden"]
[Date "2015.01.04"]
[Round "5"]
[White "Frese, Immo"]
[Black "Raulf, Christopher"]
[Result "0-1"]
[WhiteElo "1804"]
[BlackElo "1916"]
[PlyCount "106"]
[EventDate "2015.01.02"]
[EventType "swiss"]
[EventRounds "7"]
[EventCountry "GER"]
[SourceTitle "EXT 2018"]
[Source "ChessBase"]
[SourceDate "2017.10.13"]
[SourceVersion "1"]
[SourceVersionDate "2017.10.13"]
[SourceQuality "1"]

1. d4 d5 2. c4 e6 3. Nc3 Nf6 4. Nf3 Be7 5. Bg5 0-0 6. e3 c6 7. Qc2 Nbd7 8. Bd3 dxc4 9. Bxc4 b5 10. Bd3 h6 11. Bh4 a5 12. 0-0 Bb7 13. Rac1 Rc8 14. Rfd1 Qb6 15. Qe2 Qa7 16. Ne4 Rfe8 17. Bg3 Nxe4 18. Bxe4 c5 19. Bxb7 Qxb7 20. dxc5 Nxc5 21. Bd6 Bxd6 22. Rxd6 Ne4 23. Rdd1 Rxc1 24. Rxc1 Rd8 25. Qc2 Qd5 26. a3 b4 27. axb4 axb4 28. h3 e5 29. Kf1 Nd2+ 30. Nxd2 Qxd2 31. Kg1 b3 32. Qc3 g6 33. Ra1 Qxc3 34. bxc3 b2 35. Rb1 Rd2 36. g3 Rc2 37. Kg2 e4 38. g4 f5 39. gxf5 gxf5 40. Kg3 Kf7 41. c4 Ke6 42. f3 Kd6 43. fxe4 fxe4 44. Kf4 Kc5 45. Kxe4 Kxc4 46. Ke5 Kc3 47. e4 Rc1 48. Rxb2 Kxb2 49. Kd6 Rh1 50. e5 Rxh3 51. Ke7 Re3 52. e6 h5 53. Kf6 h4 0-1

[Event "Niedersachsen-ch op-A"]
[Site "Verden"]
[Date "2015.01.04"]
[Round "6"]
[White "Raulf, Christopher"]
[Black "Raetzke von Stoyentin, Steffen"]
[Result "1-0"]
[WhiteElo "1916"]
[BlackElo "1855"]
[PlyCount "129"]
[EventDate "2015.01.02"]
[EventType "swiss"]
[EventRounds "7"]
[EventCountry "GER"]
[SourceTitle "EXT 2018"]
[Source "ChessBase"]
[SourceDate "2017.10.13"]
[SourceVersion "1"]
[SourceVersionDate "2017.10.13"]
[SourceQuality "1"]

1. e4 e5 2. Nf3 Nc6 3. Bc4 Bc5 4. c3 Nf6 5. d4 exd4 6. cxd4 Bb4+ 7. Bd2 Nxe4 8. Bxb4 Nxb4 9. Bxf7+ Kxf7 10. Qb3+ d5 11. Ne5+ Kg8 12. Qxb4 c5 13. dxc5 Qg5 14. Qd4 Nf6 15. Nc3 Qxg2 16. 0-0-0 Be6 17. Rhg1 Qh3 18. Rxg7+ Kxg7 19. Rg1+ Kf8 20. Nd7+ Ke8 21. Nxf6+ Kd8 22. Nfxd5 Qh6+ 23. Nf4+ Ke7 24. Qd6+ Kf7 25. Ncd5 Rhe8 26. Nc7 Rad8 27. Qe5 Re7 28. Ncxe6 Rxe6 29. Qxe6+ Qxe6 30. Nxe6 Kxe6 31. Rg7 Rc8 32. b4 a5 33. Rxb7 axb4 34. Rxh7 Rxc5+ 35. Kb2 Rf5 36. Rh4 Rxf2+ 37. Kb3 Kd5 38. h3 Kc5 39. Rc4+ Kd5 40. h4 Rf1 41. Rxb4 Kc5 42. Ka4 Rf2 43. a3 Rf3 44. h5 Rh3 45. Rb3 Rh4+ 46. Ka5 Kc6 47. Rb5 Kc7 48. a4 Kd7 49. Rc5 Kd6 50. Kb5 Rh1 51. Kb6 Rb1+ 52. Rb5 Rc1 53. a5 Rc6+ 54. Kb7 Rc7+ 55. Ka6 Rc8 56. Rb7 Kc6 57. Rb6+ Kc7 58. Kb5 Rf8 59. Rc6+ Kd7 60. h6 Rb8+ 61. Rb6 Rf8 62. h7 Rf5+ 63. Ka6 Rh5 64. Rb5 Rh6+ 65. Ka7 1-0

[Event "Hannover-chC"]
[Site "Lehrte"]
[Date "2014.10.28"]
[Round "7"]
[White "Zoch, Werner"]
[Black "Raulf, Christopher"]
[Result "0-1"]
[WhiteElo "1910"]
[BlackElo "1895"]
[PlyCount "68"]
[EventDate "2014.10.25"]
[EventType "swiss"]
[EventRounds "7"]
[EventCountry "GER"]
[SourceTitle "EXT 2021"]
[Source "ChessBase"]
[SourceDate "2020.10.23"]
[SourceVersion "1"]
[SourceVersionDate "2020.10.23"]
[SourceQuality "1"]

1. e4 c5 2. Nf3 Nc6 3. d4 cxd4 4. Nxd4 g6 5. Be3 Bg7 6. c4 Nf6 7. Nc3 0-0 8. f3 d6 9. Qd2 Re8 10. Be2 Nd7 11. h4 Nde5 12. h5 g5 13. h6 Bh8 14. Rh5 f6 15. 0-0-0 Nxd4 16. Bxd4 Be6 17. b3 Bf7 18. Rh2 Qa5 19. g3 Rac8 20. f4 Nxc4 21. bxc4 Bxc4 22. Bxc4+ Rxc4 23. Kb2 e5 24. fxe5 dxe5 25. Bxa7 Qb4+ 26. Ka1 Qxc3+ 27. Qxc3 Rxc3 28. Rg2 f5 29. exf5 e4 30. Bd4 Bxd4 31. Rxd4 Rf3 32. g4 e3 33. Rd1 e2 34. Re1 Rf1 0-1

[Event "Niedersachsen-ch op-A"]
[Site "Verden"]
[Date "2014.01.02"]
[Round "1"]
[White "Ewert, Stefan"]
[Black "Raulf, Christopher"]
[Result "0-1"]
[WhiteElo "1916"]
[BlackElo "1882"]
[PlyCount "90"]
[EventDate "2014.01.02"]
[EventType "swiss"]
[EventRounds "7"]
[EventCountry "GER"]
[SourceTitle "EXT 2016"]
[Source "ChessBase"]
[SourceDate "2015.10.08"]
[SourceVersion "1"]
[SourceVersionDate "2015.10.08"]
[SourceQuality "1"]

1. d4 d5 2. Nf3 Nf6 3. g3 e6 4. Bg2 c5 5. b3 Ne4 6. 0-0 Nc6 7. Bb2 Be7 8. Re1 0-0 9. Nbd2 f5 10. dxc5 Bf6 11. Qc1 Nc3 12. e3 Qa5 13. a4 Nb4 14. Nb1 Nca2 15. Qd2 Bxb2 16. Rxa2 Bf6 17. Nd4 Qxc5 18. Rb2 Bd7 19. c3 Nc6 20. b4 Qe7 21. a5 Ne5 22. Ra2 a6 23. Bf1 Rac8 24. Rc1 Rc7 25. Be2 Rfc8 26. Na3 Nf7 27. Bf3 Ng5 28. Bg2 Ne4 29. Bxe4 dxe4 30. c4 e5 31. Ne2 Be6 32. Rac2 Rd8 33. Qe1 Rd3 34. Ra2 Qd8 35. Kg2 Be7 36. Raa1 g5 37. c5 f4 38. exf4 exf4 39. gxf4 Bh3+ 40. Kg1 Bf6 41. Nc3 Bxc3 42. Rxc3 gxf4 43. Rxd3 Qxd3 44. Qb1 Rg7+ 45. Kh1 Qf3# 0-1

[Event "Niedersachsen-ch op-A"]
[Site "Verden"]
[Date "2014.01.02"]
[Round "2"]
[White "Raulf, Christopher"]
[Black "Ewert, Hannes"]
[Result "0-1"]
[WhiteElo "1882"]
[BlackElo "1749"]
[PlyCount "104"]
[EventDate "2014.01.02"]
[EventType "swiss"]
[EventRounds "7"]
[EventCountry "GER"]
[SourceTitle "EXT 2016"]
[Source "ChessBase"]
[SourceDate "2015.10.08"]
[SourceVersion "1"]
[SourceVersionDate "2015.10.08"]
[SourceQuality "1"]

1. d4 g6 2. e4 Bg7 3. c4 c5 4. d5 d6 5. Nc3 Nf6 6. Bd3 a6 7. Nge2 0-0 8. f4 Bd7 9. 0-0 b5 10. Ng3 bxc4 11. Bxc4 Ng4 12. Qe2 f6 13. h3 Nh6 14. e5 fxe5 15. fxe5 Rxf1+ 16. Nxf1 Nf5 17. e6 Be8 18. Ne3 Nd4 19. Qf2 Nf5 20. Nxf5 gxf5 21. Qxf5 Bg6 22. Qf3 a5 23. Bd3 Bxd3 24. Qxd3 Qb6 25. Qb5 Qxb5 26. Nxb5 Na6 27. Bg5 Re8 28. Rb1 Nb4 29. Nc7 Rc8 30. Bxe7 Rxc7 31. Bxd6 Rc8 32. Rd1 Bd4+ 33. Kh1 Nxd5 34. Rf1 Nf6 35. e7 Kf7 36. g4 Ke6 37. g5 Ne8 38. Bg3 Kxe7 39. b3 Rc6 40. Re1+ Re6 41. Rxe6+ Kxe6 42. Be1 a4 43. bxa4 c4 44. Bd2 Bb2 45. h4 c3 46. Be3 c2 47. h5 c1Q+ 48. Bxc1 Bxc1 49. g6 h6 50. a5 Be3 51. Kg2 Kf6 52. Kf3 Ba7 0-1

[Event "Hannover-chC"]
[Site "Lehrte"]
[Date "2013.10.20"]
[Round "7"]
[White "Wittur, Helge"]
[Black "Raulf, Christopher"]
[Result "1/2-1/2"]
[WhiteElo "1865"]
[BlackElo "1890"]
[PlyCount "79"]
[EventDate "2013.10.17"]
[EventType "swiss"]
[EventRounds "7"]
[EventCountry "GER"]
[SourceTitle "EXT 2021"]
[Source "ChessBase"]
[SourceDate "2020.10.23"]
[SourceVersion "1"]
[SourceVersionDate "2020.10.23"]
[SourceQuality "1"]

1. Nf3 c5 2. g3 Nc6 3. Bg2 Nf6 4. 0-0 d5 5. d3 e5 6. e4 d4 7. Nbd2 b5 8. a4 b4 9. Nc4 Bd6 10. Nh4 0-0 11. f4 Bg4 12. Bf3 Be6 13. Nxd6 Qxd6 14. f5 Bd7 15. g4 Kh8 16. g5 Ng8 17. Bg4 b3 18. Qf3 bxc2 19. Qh3 Nce7 20. Nf3 f6 21. Rf2 c4 22. Qh4 cxd3 23. Rg2 Bc6 24. Bh5 fxg5 25. Bxg5 Be8 26. Bxe7 Qxe7 27. Qxe7 Nxe7 28. Bxe8 Raxe8 29. Nxe5 Nxf5 30. Nxd3 Ne3 31. Rf2 Rxf2 32. Kxf2 Rxe4 33. Kf3 Re8 34. Rc1 Nd1 35. Rxc2 Re3+ 36. Kg2 h5 37. Rd2 Nc3 38. Nf4 Nxa4 39. Nxh5 d3 40. Nf4 1/2-1/2

[Event "Hannover-chC"]
[Site "Lehrte"]
[Date "2013.10.19"]
[Round "5"]
[White "Raulf, Christopher"]
[Black "Hampel, Felix"]
[Result "0-1"]
[WhiteElo "1890"]
[BlackElo "2193"]
[PlyCount "78"]
[EventDate "2013.10.17"]
[EventType "swiss"]
[EventRounds "7"]
[EventCountry "GER"]
[SourceTitle "EXT 2021"]
[Source "ChessBase"]
[SourceDate "2020.10.23"]
[SourceVersion "1"]
[SourceVersionDate "2020.10.23"]
[SourceQuality "1"]

1. d4 f5 2. c4 Nf6 3. Nc3 d6 4. Nf3 g6 5. e3 Bg7 6. Be2 0-0 7. b4 a5 8. b5 c6 9. Rb1 h6 10. h4 Nbd7 11. bxc6 bxc6 12. Ba3 Ne4 13. Qc2 Ndf6 14. Bd3 Re8 15. c5 Be6 16. Na4 Ng4 17. 0-0 d5 18. Nh2 Nxh2 19. Kxh2 Bf7 20. f4 Nf6 21. Be2 e6 22. g3 g5 23. Bf3 gxh4 24. Qf2 Ng4+ 25. Bxg4 fxg4 26. Rb7 hxg3+ 27. Qxg3 h5 28. Rfb1 Bg6 29. R1b2 Bf5 30. Nb6 h4 31. Qg2 Rb8 32. Rxb8 Qxb8 33. Nd7 Qc7 34. Ne5 g3+ 35. Kg1 Bxe5 36. fxe5 Qg7 37. Qf3 h3 38. Qh5 h2+ 39. Kg2 Be4+ 0-1

[Event "Hannover-chC"]
[Site "Lehrte"]
[Date "2013.10.19"]
[Round "6"]
[White "Raulf, Christopher"]
[Black "Schmitt, Michael"]
[Result "1-0"]
[WhiteElo "1890"]
[BlackElo "2000"]
[PlyCount "67"]
[EventDate "2013.10.17"]
[EventType "swiss"]
[EventRounds "7"]
[EventCountry "GER"]
[SourceTitle "EXT 2021"]
[Source "ChessBase"]
[SourceDate "2020.10.23"]
[SourceVersion "1"]
[SourceVersionDate "2020.10.23"]
[SourceQuality "1"]

1. d4 Nf6 2. Nf3 c5 3. e3 e6 4. Bd3 d5 5. b3 Bd6 6. Bb2 Nc6 7. Nbd2 0-0 8. Ne5 cxd4 9. exd4 Qb6 10. Nxc6 bxc6 11. 0-0 Ba6 12. c4 Qc7 13. Nf3 Bf4 14. g3 Bh6 15. Ne5 dxc4 16. bxc4 c5 17. Ba3 cxd4 18. Bxf8 Qxe5 19. Be7 Ne8 20. Rb1 Qc7 21. Qf3 Rc8 22. Qe4 g6 23. Ba3 e5 24. c5 Bxd3 25. Qxd3 Qc6 26. Rfe1 Bg7 27. Qe4 Qe6 28. Rec1 f5 29. Qb7 Nf6 30. c6 e4 31. c7 e3 32. Qxc8+ Qxc8 33. Rb8 exf2+ 34. Kf1 1-0

[Event "Niedersachsen-ch op-A"]
[Site "Verden"]
[Date "2013.01.04"]
[Round "4"]
[White "Raulf, Christopher"]
[Black "Celik, Abdullah"]
[Result "1-0"]
[WhiteElo "1845"]
[BlackElo "2061"]
[PlyCount "97"]
[EventDate "2013.01.03"]
[EventType "swiss"]
[EventRounds "7"]
[EventCountry "GER"]
[SourceTitle "EXT 2014"]
[Source "ChessBase"]
[SourceDate "2013.11.20"]
[SourceVersion "1"]
[SourceVersionDate "2013.11.20"]
[SourceQuality "1"]

1. d4 Nf6 2. Nf3 g6 3. c4 Bg7 4. Nc3 0-0 5. e4 d6 6. Be2 e5 7. dxe5 dxe5 8. 0-0 Nbd7 9. b4 a5 10. Qb3 axb4 11. Qxb4 Re8 12. Rd1 Bf8 13. Qb5 c6 14. Qb3 Qc7 15. Bg5 h6 16. Bh4 Ra3 17. Qb2 Qa5 18. Nb1 Ra4 19. Nfd2 Bc5 20. Nb3 Qb6 21. Qc2 Bb4 22. c5 Qa7 23. a3 Ba5 24. f3 b6 25. Rd6 bxc5 26. Nxa5 c4+ 27. Kf1 Qxa5 28. Bxf6 Nxf6 29. Rxf6 Be6 30. Qc3 Qc5 31. Nd2 Kg7 32. Rxe6 Rxe6 33. Nxc4 Qd4 34. Qxd4 exd4 35. Bd3 c5 36. Rb1 Rc6 37. Ke2 Rc7 38. Rb5 Ra8 39. Kd2 Kf6 40. Kc2 Kg5 41. Kb3 Kf4 42. Nb6 Rd8 43. Nd5+ Rxd5 44. exd5 c4+ 45. Bxc4 Ke3 46. d6 Rd7 47. Re5+ Kd2 48. Rd5 Rb7+ 49. Bb5 1-0

[Event "Hannover-chC"]
[Site "Lehrte"]
[Date "2012.10.23"]
[Round "7"]
[White "Lick, Patrick"]
[Black "Raulf, Christopher"]
[Result "1-0"]
[WhiteElo "2147"]
[BlackElo "1832"]
[PlyCount "57"]
[EventDate "2012.10.21"]
[EventType "swiss"]
[EventRounds "7"]
[EventCountry "GER"]
[SourceTitle "EXT 2021"]
[Source "ChessBase"]
[SourceDate "2020.10.23"]
[SourceVersion "1"]
[SourceVersionDate "2020.10.23"]
[SourceQuality "1"]

1. d4 d5 2. Nf3 Nf6 3. e3 e6 4. Bd3 Bd6 5. 0-0 0-0 6. Nbd2 b6 7. b3 Bb7 8. Bb2 c5 9. Ne5 Nc6 10. f4 Nb4 11. Be2 Ne4 12. a3 Nc6 13. Nxe4 dxe4 14. Bc4 Nxe5 15. dxe5 Be7 16. Qg4 Bc8 17. Rad1 Qe8 18. Qg3 g6 19. Qh3 b5 20. Be2 Qc6 21. Qh6 Bd7 22. f5 gxf5 23. g4 Kh8 24. Kh1 Rg8 25. Rxf5 Bf8 26. Qh4 exf5 27. e6+ Bg7 28. Bxg7+ Rxg7 29. exd7 1-0

[Event "Hannover-chC"]
[Site "Lehrte"]
[Date "2012.10.23"]
[Round "2"]
[White "Raulf, Christopher"]
[Black "Gruender, Michael"]
[Result "0-1"]
[WhiteElo "1832"]
[BlackElo "1873"]
[PlyCount "36"]
[EventDate "2012.10.21"]
[EventType "swiss"]
[EventRounds "7"]
[EventCountry "GER"]
[SourceTitle "EXT 2021"]
[Source "ChessBase"]
[SourceDate "2020.10.23"]
[SourceVersion "1"]
[SourceVersionDate "2020.10.23"]
[SourceQuality "1"]

1. d4 g6 2. e4 Bg7 3. c4 d6 4. f4 Nc6 5. d5 Nd4 6. Be3 e5 7. Bxd4 exd4 8. Nf3 c5 9. Bd3 Nf6 10. h3 Nh5 11. Qd2 Bh6 12. Ng5 Nxf4 13. Qxf4 Bxg5 14. Qf2 Qa5+ 15. Kd1 0-0 16. Qg3 Qd8 17. h4 Bf6 18. Be2 d3 0-1

[Event "Daehne Cup Region 11/12 I Rest"]
[Site "Hannover"]
[Date "2011.11.23"]
[Round "4"]
[White "Zucker, Stefan"]
[Black "Raulf, Christopher"]
[Result "1-0"]
[WhiteElo "1830"]
[BlackElo "1760"]
[PlyCount "39"]
[EventDate "2011.11.??"]
[EventType "swiss"]
[EventCountry "GER"]
[SourceTitle "EXT 2022"]
[Source "ChessBase"]
[SourceDate "2021.10.06"]
[SourceVersion "1"]
[SourceVersionDate "2021.10.06"]
[SourceQuality "1"]

1. e4 c5 2. Nf3 Nc6 3. d4 cxd4 4. Nxd4 g6 5. Nc3 Bg7 6. Be3 Nf6 7. f3 0-0 8. Bc4 Qb6 9. Bb3 Nxe4 10. Nd5 Qa5+ 11. c3 Nxd4 12. Nxe7+ Kh8 13. Bxd4 Re8 14. 0-0 Nxc3 15. Bxg7+ Kxg7 16. Qd4+ f6 17. Rfe1 Nb5 18. Qd5 Qb6+ 19. Kh1 Nd6 20. Rad1 1-0

[Event "Hannover-chC"]
[Site "Lehrte"]
[Date "2011.10.17"]
[Round "6"]
[White "Heise, Thomas"]
[Black "Raulf, Christopher"]
[Result "1/2-1/2"]
[WhiteElo "1801"]
[BlackElo "1762"]
[PlyCount "109"]
[EventDate "2011.10.15"]
[EventType "swiss"]
[EventRounds "7"]
[EventCountry "GER"]
[SourceTitle "EXT 2021"]
[Source "ChessBase"]
[SourceDate "2020.10.23"]
[SourceVersion "1"]
[SourceVersionDate "2020.10.23"]
[SourceQuality "1"]

1. d4 d5 2. Bf4 Nf6 3. e3 e6 4. Nf3 Bd6 5. Nbd2 b6 6. Ne5 Bb7 7. c3 0-0 8. Bd3 Nbd7 9. Qf3 Re8 10. Qh3 a6 11. g4 Nf8 12. Bg5 Be7 13. f4 Ne4 14. Bxe7 Qxe7 15. g5 Ng6 16. Nxg6 hxg6 17. Qg2 Nxd2 18. Kxd2 c5 19. h4 cxd4 20. exd4 Qd6 21. Qh2 a5 22. Raf1 Ba6 23. Bxa6 Rxa6 24. h5 b5 25. h6 Qf8 26. Rf3 gxh6 27. Qxh6 Qxh6 28. Rxh6 Kg7 29. Rfh3 Raa8 30. Rh7+ Kf8 31. Rh8+ Ke7 32. Rxe8+ Rxe8 33. b3 a4 34. Kc2 Rb8 35. Kb2 Ra8 36. Ka3 axb3+ 37. Kxb3 Ra4 38. Rh8 Ra5 39. a3 Ra7 40. Rb8 Ra5 41. Kb4 Ra4+ 42. Kb3 Ra5 43. Rh8 Ra4 44. Rh1 Rc4 45. Rb1 Kd6 46. Kc2 Kc6 47. Rb4 Kb6 48. Rb1 Rc8 49. Rh1 Rf8 50. Rh6 Ka5 51. Kb3 Kb6 52. Kb4 Kc6 53. Kb3 Kd6 54. Kb4 Kc6 55. Kb3 1/2-1/2

[Event "Hannover-chC"]
[Site "Lehrte"]
[Date "2011.10.15"]
[Round "1"]
[White "Raulf, Christopher"]
[Black "Titzhoff, Frank"]
[Result "0-1"]
[WhiteElo "1762"]
[BlackElo "2014"]
[PlyCount "84"]
[EventDate "2011.10.15"]
[EventType "swiss"]
[EventRounds "7"]
[EventCountry "GER"]
[SourceTitle "EXT 2021"]
[Source "ChessBase"]
[SourceDate "2020.10.23"]
[SourceVersion "1"]
[SourceVersionDate "2020.10.23"]
[SourceQuality "1"]

1. d4 g6 2. Nf3 Bg7 3. c4 c5 4. e3 Nf6 5. Nc3 0-0 6. Bd3 Na6 7. a3 d6 8. b3 b6 9. Bb2 Bb7 10. 0-0 e6 11. Qe2 Qe7 12. Rfd1 Nh5 13. Be4 Bxe4 14. Nxe4 f5 15. Ng3 Nf6 16. e4 f4 17. Nf1 cxd4 18. Nxd4 Nc5 19. Nd2 e5 20. N4f3 h6 21. b4 Ne6 22. Nb3 Ne8 23. Ne1 Bf6 24. f3 Bh4 25. Nd3 Rb8 26. Rac1 Nf6 27. Rc3 Nd7 28. Rdc1 Rbc8 29. Qc2 Rfd8 30. c5 bxc5 31. bxc5 Nexc5 32. Nbxc5 Nxc5 33. Nxc5 Rxc5 34. Rxc5 dxc5 35. g3 fxg3 36. hxg3 Bxg3 37. Qc4+ Kg7 38. Qxc5 Rd1+ 39. Kg2 Rd2+ 40. Kxg3 Qg5+ 41. Kh3 Qg2+ 42. Kh4 g5+ 0-1

[Event "Hannover-chB"]
[Site "Lehrte"]
[Date "2010.10.10"]
[Round "4"]
[White "Engelking, Michael"]
[Black "Raulf, Christopher"]
[Result "0-1"]
[WhiteElo "1719"]
[BlackElo "1738"]
[PlyCount "48"]
[EventDate "2010.10.09"]
[EventType "swiss"]
[EventRounds "7"]
[EventCountry "GER"]
[SourceTitle "EXT 2021"]
[Source "ChessBase"]
[SourceDate "2020.10.23"]
[SourceVersion "1"]
[SourceVersionDate "2020.10.23"]
[SourceQuality "1"]

1. d4 d5 2. Nf3 Nf6 3. c4 e6 4. Nc3 c6 5. e3 Nbd7 6. cxd5 exd5 7. Bd3 Bd6 8. 0-0 0-0 9. Qc2 Re8 10. a3 a5 11. Rb1 Qe7 12. Na2 c5 13. dxc5 Nxc5 14. b4 axb4 15. Nxb4 Bg4 16. Be2 Nce4 17. Bb2 Bxb4 18. axb4 Ra2 19. Qd3 Bf5 20. Bxf6 Qxf6 21. Nd4 Bg6 22. Qb3 Rea8 23. Rb2 Ra1 24. Nc2 Qxf2+ 0-1

[Event "Hannover-chB"]
[Site "Lehrte"]
[Date "2010.10.09"]
[Round "2"]
[White "Baum, Frank Christian"]
[Black "Raulf, Christopher"]
[Result "0-1"]
[WhiteElo "1656"]
[BlackElo "1738"]
[PlyCount "54"]
[EventDate "2010.10.09"]
[EventType "swiss"]
[EventRounds "7"]
[EventCountry "GER"]
[SourceTitle "EXT 2021"]
[Source "ChessBase"]
[SourceDate "2020.10.23"]
[SourceVersion "1"]
[SourceVersionDate "2020.10.23"]
[SourceQuality "1"]

1. e4 c5 2. Nc3 Nc6 3. g3 Nf6 4. Bg2 g6 5. Nge2 Bg7 6. 0-0 0-0 7. f4 e5 8. d3 d6 9. h3 Nd4 10. fxe5 dxe5 11. Nd5 Nxd5 12. exd5 f5 13. c3 Nb5 14. c4 Nd4 15. Nxd4 cxd4 16. c5 e4 17. dxe4 fxe4 18. Bxe4 Bxh3 19. Rxf8+ Qxf8 20. d6 Re8 21. Bd5+ Kh8 22. Bd2 d3 23. Bf3 Bd4+ 24. Kh2 Bd7 25. Bf4 g5 26. Bxg5 Re2+ 27. Bxe2 Qf2+ 0-1

[Event "Hannover-chB"]
[Site "Lehrte"]
[Date "2010.10.09"]
[Round "1"]
[White "Raulf, Christopher"]
[Black "Batzdorf, Arne"]
[Result "0-1"]
[WhiteElo "1738"]
[BlackElo "1666"]
[PlyCount "94"]
[EventDate "2010.10.09"]
[EventType "swiss"]
[EventRounds "7"]
[EventCountry "GER"]
[SourceTitle "EXT 2021"]
[Source "ChessBase"]
[SourceDate "2020.10.23"]
[SourceVersion "1"]
[SourceVersionDate "2020.10.23"]
[SourceQuality "1"]

1. e4 c5 2. Nf3 e6 3. d4 cxd4 4. Nxd4 a6 5. Nc3 Nc6 6. Bc4 Qc7 7. Bb3 Nf6 8. 0-0 b5 9. Re1 Bb7 10. Kh1 Nxd4 11. Qxd4 Bc5 12. Qd1 b4 13. e5 Qc6 14. f3 Ng4 15. Ne4 Qxe4 16. fxe4 Nf2+ 17. Kg1 Nxd1+ 18. Kf1 Nf2 19. Be3 Bxe3 20. Rxe3 Nxe4 21. Rd1 a5 22. Ba4 Nc5 23. Bb5 Ba6 24. c4 Bxb5 25. cxb5 Rb8 26. a4 bxa3 27. bxa3 Ke7 28. a4 Rhc8 29. Ra3 Ne4 30. Rad3 Rb7 31. Rd4 Nc3 32. R1d3 Nd5 33. Rh4 h6 34. Rg4 g6 35. Rh4 Rc3 36. Ke2 h5 37. Rhd4 Rxd3 38. Kxd3 d6 39. exd6+ Kxd6 40. h3 Rb6 41. Ke4 f5+ 42. Kd3 e5 43. Rc4 Nf4+ 44. Ke3 Nxg2+ 45. Kf2 Nf4 46. h4 Nd3+ 47. Ke3 Nc5 0-1

[Event "Niedersachsen-ch op"]
[Site "Verden"]
[Date "2009.01.05"]
[Round "5"]
[White "Raulf, Christopher"]
[Black "Oehne, Timo"]
[Result "1-0"]
[WhiteElo "1905"]
[BlackElo "1261"]
[PlyCount "89"]
[EventDate "2009.01.03"]
[EventType "swiss"]
[EventRounds "7"]
[EventCountry "GER"]
[SourceTitle "EXT 2012"]
[Source "ChessBase"]
[SourceDate "2011.11.24"]
[SourceVersion "1"]
[SourceVersionDate "2011.11.24"]
[SourceQuality "1"]

1. e4 c6 2. d4 d5 3. e5 Bf5 4. g4 Bg6 5. h4 h6 6. Nc3 e6 7. f4 Bb4 8. Bd2 Nd7 9. Nf3 c5 10. Nb5 Bxd2+ 11. Qxd2 Qb6 12. Nd6+ Kf8 13. 0-0-0 Ne7 14. Bd3 Bxd3 15. Qxd3 Nc8 16. Nxc8 Rxc8 17. f5 a5 18. g5 c4 19. Qa3+ Qb4 20. Qxb4+ axb4 21. fxe6 fxe6 22. Rdf1 Ke7 23. h5 Rcf8 24. Nh4 Rxf1+ 25. Rxf1 Rg8 26. Ng6+ Ke8 27. gxh6 gxh6 28. a4 b6 29. Kb1 Nf8 30. Rf6 Nxg6 31. Rxe6+ Kf7 32. Rf6+ Ke7 33. hxg6 h5 34. Rxb6 h4 35. Rb7+ Ke6 36. Rh7 h3 37. Rxh3 Rxg6 38. Rh1 Rg4 39. c3 b3 40. Kc1 Re4 41. Rh6+ Ke7 42. Kd2 Rf4 43. Rf6 Rxf6 44. exf6+ Kxf6 45. a5 1-0

[Event "Niedersachsen-ch op"]
[Site "Verden"]
[Date "2009.01.03"]
[Round "2"]
[White "Boehm, Jana"]
[Black "Raulf, Christopher"]
[Result "0-1"]
[WhiteElo "1069"]
[BlackElo "1905"]
[PlyCount "46"]
[EventDate "2009.01.03"]
[EventType "swiss"]
[EventRounds "7"]
[EventCountry "GER"]
[SourceTitle "EXT 2012"]
[Source "ChessBase"]
[SourceDate "2011.11.24"]
[SourceVersion "1"]
[SourceVersionDate "2011.11.24"]
[SourceQuality "1"]

1. e4 c5 2. Nf3 Nc6 3. d4 cxd4 4. Nxd4 g6 5. Nc3 Bg7 6. Be3 Nf6 7. Be2 0-0 8. Qd2 a6 9. f4 d5 10. Bf3 dxe4 11. Be2 Bg4 12. 0-0-0 Bxe2 13. Ncxe2 Ng4 14. Nc3 Nxe3 15. Qxe3 Nxd4 16. Nxe4 Nf5 17. Qh3 Qb6 18. b3 Rac8 19. g4 Qe3+ 20. Qxe3 Nxe3 21. Rhg1 Rxc2+ 22. Kb1 Rb2+ 23. Kc1 Rc8+ 0-1